000 00717nam a2200241 a 4500
999 _c12422
_d12422
001 12422
003 BD-JhCC
005 20220214094817.0
008 220214b2011 enk |||| ||a| 001 0 eng d
020 _a9781565643628
035 _a(BD-JhCC)12422
040 _aBD-JhCC
_dBD-JhCC
041 _aenglish
082 _a306.697
_bALR 2011
100 _aAl-Raysuni, Ahmid
245 _aAl-Shura :
_bThe Qur'anic Principle Of Consultation /
_cAhmid Al-Raysuni, Tran: Nancy Roberts.
260 _aLondon :
_bThe International Institute of Islamic Thought;
_c2011.
300 _a191 p. :
_c23 cm.
650 _aReproductive Government And Representation
700 _aRoberts,Nancy
942 _2ddc
_cBK